Testing of rubber and elastomers. Determination of the resistance to liquids, vapours and gases. (Record no. 73329)

MARC details
000 -LEADER
fixed length control field 00430nam a2200145Ia 4500
245 #0 - TITLE STATEMENT
Title Testing of rubber and elastomers. Determination of the resistance to liquids, vapours and gases.
260 ## - PUBLICATION, DISTRIBUTION, ETC. (IMPRINT)
Year of publication 1979
500 ## - GENERAL NOTE
General note Standard number: DIN 53 521
650 ## - SUBJECT ADDED ENTRY--TOPICAL TERM
Topical Term Elastomers
650 ## - SUBJECT ADDED ENTRY--TOPICAL TERM
Topical Term Gas resistance
650 ## - SUBJECT ADDED ENTRY--TOPICAL TERM
Topical Term Liquid resistance
650 ## - SUBJECT ADDED ENTRY--TOPICAL TERM
Topical Term Vapor resistance
942 ## - ADDED ENTRY ELEMENTS (KOHA)
Koha item type Standards
Holdings
Withdrawn status Lost status Damaged status Not for loan Collection code Home library Current library Date acquired Koha item type
      Standards DIN standards/German Standards RRII Library RRII Library 31/12/2021 Standards